Call of Duty: Black Ops - Statistics

General Stats
  • This quiz has been taken 14 times
  • The average score is 75 of 182
Answer Stats
Hint 1 Hint 2 Answer % Correct
Weapon Assault Rifle AK47
100%
Weapon Assault Rifle M16
100%
Weapon Submachine Gun AK74u
75%
Weapon Assault Rifle AUG
75%
Weapon Assault Rifle Commando
75%
Weapon Sniper Rifle Dragunov
75%
Weapon Assault Rifle Enfield
75%
Weapon Assault Rifle Famas
75%
Weapon Tactical Grenade Flashbang
75%
Weapon Lethal Grenade Frag
75%
Weapon Assault Rifle G11
75%
Weapon Assault Rifle Galil
75%
Weapon Assault Rifle M14
75%
Weapon Submachine Gun MPL
75%
Weapon Shotgun Olympia
75%
Weapon Launcher RPG
75%
Weapon Shotgun Stakeout
75%
Weapon Light Machine Gun Stoner63
75%
Weapon Attachment ACOG
50%
Map Included Array
50%
Weapon Pistol ASP
50%
Killstreak 11 Kills Attack Dogs
50%
Killstreak 7 Kills Attack Helicopter
50%
Weapon Special Ballistic Knife
50%
Camo 250 Codpoints Berlin
50%
Map First Strike Berlin Wall
50%
Killstreak 8 Kills Blackbird
50%
Faction Western Bloc Black Ops
50%
Weapon Equipment C4
50%
Weapon Equipment Camera Spike
50%
Game Mode Core Capture the Flag
50%
Killstreak 5 Kills Care Package
50%
Killstreak 9 Kills Chopper Gunner
50%
Weapon Equipment Claymore
50%
Weapon Tactical Grenade Concussion
50%
Map Escalation Convoy
50%
Killstreak 4 Kills Counter-Spy Plane
50%
Map Included Cracked
50%
Map Included Crisis
50%
Weapon Special Crossbow
50%
Weapon Pistol CZ75
50%
Killstreak Care Package Death Machine
50%
Weapon Tactical Grenade Decoy
50%
Game Mode Core Demolition
50%
Map First Strike Discovery
50%
Game Mode Core Domination
50%
Map Annihilation Drive-In
50%
Weapon Attachment Extended Mag
50%
Map Included Firing Range
50%
Game Mode Playlist Firing Range 24/7
50%
Perk Tier 1 Flak Jacket
50%
Weapon Attachment Flamethrower
50%
Weapon Assault Rifle FN FAL
50%
Game Mode Core Free-for-All
50%
Perk Tier 1 Ghost
50%
Camo 50000 Codpoints Gold
50%
Map Included Grid
50%
Killstreak Care Package Grim Reaper
50%
Weapon Attachment Grip
50%
Game Mode Wager Match Gun Game
50%
Killstreak 11 Kills Gunship
50%
Perk Tier 3 Hacker
50%
Map Annihilation Hangar 18
50%
Map Included Hanoi
50%
Perk Tier 1 Hardline
50%
Map Included Havana
50%
Map Annihilation Hazard
50%
Game Mode Core Headquarters
50%
Weapon Light Machine Gun HK21
50%
Map Escalation Hotel
50%
Weapon Shotgun HS-10
50%
Weapon Equipment Jammer
50%
Map Included Jungle
50%
Map First Strike Kowloon
50%
Weapon Sniper Rifle L96A1
50%
Weapon Pistol M1911
50%
Weapon Light Machine Gun M60
50%
Weapon Launcher M72 LAW
50%
Weapon Pistol Makarov
50%
Weapon Attachment Masterkey
50%
Weapon Equipment Motion Sensor
50%
Weapon Submachine Gun MP5K
50%
Killstreak 5 Kills Napalm Strike
50%
Perk Tier 3 Ninja
50%
Weapon Tactical Grenade Nova Gas
50%
Map Included Nuketown
50%
Game Mode Playlist Nuketown 24/7
50%
Game Mode Wager Match One in the Chamber
50%
Weapon Sniper Rifle PSG1
50%
Weapon Pistol Python
50%
Map Included Radiation
50%
Weapon Attachment Rapid Fire
50%
Killstreak 3 Kills RC-XD
50%
Camo 250 Codpoints Red
50%
Weapon Attachment Red Dot Sight
50%
Weapon Attachment Reflex Sight
50%
Killstreak 8 Kills Rolling Thunder
50%
Weapon Light Machine Gun RPK
50%
Game Mode Core Sabotage
50%
Killstreak 4 Kills SAM Turret
50%
Game Mode Core Search and Destroy
50%
Weapon Lethal Grenade Semtex
50%
Killstreak 6 Kills Sentry Gun
50%
Game Mode Wager Match Sharpshooter
50%
Map Annihilation Silo
50%
Weapon Submachine Gun Skorpion
50%
Perk Tier 2 Sleight of Hand
50%
Weapon Shotgun SPAS-12
50%
Weapon Submachine Gun Spectre
50%
Faction Eastern Bloc Spetsnaz
50%
Killstreak 3 Kills Spy Plane
50%
Map First Strike Stadium
50%
Game Mode Wager Match Sticks and Stones
50%
Map Escalation Stockpile
50%
Weapon Launcher Strela-3
50%
Map Included Summit
50%
Weapon Attachment Suppressor
50%
Perk Tier 3 Tactical Mask
50%
Game Mode Core Team Deathmatch
50%
Game Mode Barebones | Core Team Tactical
50%
Weapon Lethal Grenade Tomahawk
50%
Weapon Submachine Gun Uzi
50%
Killstreak 7 Kills Valkyrie Rockets
50%
Weapon Attachment Variable Zoom
50%
Map Included Villa
50%
Weapon Sniper Rifle WA2000
50%
Weapon Tactical Grenade Willy Pete
50%
Map Included WMD
50%
Map Escalation Zoo
50%
Weapon Launcher China Lake
25%
Weapon Attachment Dual Wield
25%
Game Mode Playlist Express
25%
Weapon Attachment Full-Auto
25%
Weapon Attachment Grenade Launcher
25%
Game Mode Core Ground War
25%
Camo 250 Codpoints Ice
25%
Weapon Submachine Gun Kiparis
25%
Map Included Launch
25%
Perk Tier 1 Lightweight
25%
Weapon Submachine Gun MAC11
25%
Faction Western Bloc MACV SOG
25%
Perk Tier 3 Marathon
25%
Game Mode Core Mercenary Team Deathmatch
25%
Killstreak 6 Kills Mortar Team
25%
Faction Western Bloc Op 40
25%
Weapon Submachine Gun PM63
25%
Perk Tier 2 Steady Aim
25%
Weapon Equipment Tactical Insertion
25%
Camo 250 Codpoints Tiger
25%
Perk Tier 2 Warlord
25%
Game Mode Hardcore Bombs
0%
Game Mode Barebones Classic
0%
Weapon Attachment Dual Mags
0%
Camo 250 Codpoints Dusty
0%
Camo 250 Codpoints ERDL
0%
Game Mode Hardcore Flags
0%
Game Mode Hardcore Flags and Bombs
0%
Camo 250 Codpoints Flora
0%
Perk Tier 2 Hardened
0%
Weapon Attachment Infrared Scope
0%
Sharpshooter Killstreak 2 Kills Lightweight Pro
0%
Weapon Attachment Low Power Zoom
0%
Camo 250 Codpoints Nevada
0%
Faction Eastern Bloc NVA
0%
Camo 250 Codpoints Olive
0%
Game Mode Barebones Pure
0%
Camo 250 Codpoints Sahara
0%
Perk Tier 1 Scavenger
0%
Perk Tier 2 Scout
0%
Perk Tier 3 Second Chance
0%
Camo 250 Codpoints Siberia
0%
Sharpshooter Killstreak 1 Kill Sleight of Hand Pro
0%
Weapon Attachment Snub Nose
0%
Weapon Attachment Speed Reloader
0%
Sharpshooter Killstreak 3 Kills Steady Aim Pro
0%
Faction Eastern Bloc Tropas
0%
Weapon Attachment Upgraded Iron Sights
0%
Camo 250 Codpoints Warsaw
0%
Camo 250 Codpoints Woodland
0%
Sharpshooter Killstreak 4 Kills X2 Score
0%
Camo 250 Codpoints Yukon
0%
No matching quizzes found
Score Distribution
Percent of People with Each Score
Percentile by Number Answered
Your Score History
You have not taken this quiz